[Event "Sparkassen-Open J"]
[Site "Heusenstamm, Martinsee"]
[Date "2021.11.20"]
[Round "3.13"]
[White "Carls, Bela"]
[Black "Milman, Sophie"]
[Result "1-0"]
[WhiteElo "955"]
[BlackElo "1202"]
[PlyCount "149"]
[EventDate "2021.??.??"]
[WhiteTeam "Frankfurter TV"]
[BlackTeam "SC Heusenstamm"]

1. d4 d5 2. c4 e6 3. Nc3 Nf6 4. Nf3 Be7 5. Bf4 c6 6. e3 Nbd7 7. Bd3 O-O 8. O-O
Nb6 9. c5 Nc4 10. Qc2 b6 11. b3 Na5 12. b4 Nc4 13. Qb3 bxc5 14. bxc5 Ba6 15.
Ne5 Nxe5 16. Bxa6 Qa5 17. Bxe5 Qxa6 18. Rab1 Ne4 19. Nxe4 dxe4 20. Qb7 Qxb7 21.
Rxb7 Bg5 22. Bd6 Rfe8 23. Rfb1 f6 24. Rc7 Rec8 25. Rbb7 Rxc7 26. Rxc7 h6 27.
Rxc6 f5 28. Rc7 Kh8 29. Rb7 a5 30. Rb8+ Rxb8 31. Bxb8 Kg8 32. c6 Bd8 33. c7
Bxc7 34. Bxc7 a4 35. a3 Kf8 36. Kf1 Ke7 37. Ke2 Kd7 38. Be5 g6 39. Kd2 Kc6 40.
Kc3 Kb5 41. Bg7 h5 42. h4 Ka5 43. f4 exf3 44. gxf3 Kb5 45. e4 fxe4 46. fxe4 Ka5
47. Kc4 Kb6 48. Kb4 Ka7 49. Kxa4 Ka6 50. Kb4 Kb6 51. a4 Ka6 52. Kb3 Ka5 53. Ka3
Kb6 54. Kb4 Ka6 55. a5 Ka7 56. Kb5 Kb7 57. a6+ Ka7 58. Ka5 Kb8 59. d5 exd5 60.
exd5 Kc7 61. d6+ Kc8 62. a7 Kb7 63. d7 Kc7 64. a8=Q Kxd7 65. Qd5+ Ke7 66. Qc6
g5 67. hxg5 h4 68. Bf6+ Kf7 69. Qc7+ Kg6 70. Qh2 h3 71. Qxh3 Kf7 72. Kb5 Ke8
73. Qh7 Kf8 74. Qg7+ Ke8 75. Qe7# 1-0

[Event "Sparkassen-Open J"]
[Site "Heusenstamm, Martinsee"]
[Date "2021.11.20"]
[Round "3.14"]
[White "Bichert, Iwan"]
[Black "Yang, Sophie"]
[Result "1-0"]
[WhiteElo "1102"]
[BlackElo "955"]
[PlyCount "109"]
[EventDate "2021.??.??"]
[WhiteTeam "TuS Makkabi Wiesbaden"]
[BlackTeam "SK Mannheim-Lindenhof"]

1. e4 e6 2. d4 d5 3. exd5 exd5 4. Bd3 Nc6 5. Nf3 Bg4 6. c3 h6 7. h3 Be6 8. O-O
Bd6 9. Re1 Nf6 10. Nbd2 O-O 11. Nb3 Re8 12. Bc2 Bd7 13. Rxe8+ Qxe8 14. Be3 Rb8
15. Qd2 Qf8 16. Re1 Re8 17. Qd3 a6 18. Bd2 b5 19. Nc1 Rxe1+ 20. Bxe1 Qe8 21.
Bd2 Na7 22. Ne2 c5 23. dxc5 Bxc5 24. Nf4 Qe4 25. Qxe4 Nxe4 26. Be3 Bxe3 27.
fxe3 Nc6 28. Nxd5 Ng3 29. Kf2 Nh5 30. g4 Nf6 31. Nxf6+ gxf6 32. Nd4 Nxd4 33.
exd4 Be6 34. a3 Kf8 35. Bf5 Bc4 36. b4 Ke7 37. Ke3 Kd6 38. Be4 Bd5 39. Bxd5
Kxd5 40. Kd3 Kd6 41. Ke4 Ke6 42. d5+ Kd6 43. Kd4 Kd7 44. Kc5 Kc7 45. h4 Kb7 46.
Kd6 Kc8 47. Ke7 Kc7 48. d6+ Kc8 49. d7+ Kc7 50. d8=Q+ Kb7 51. Qd6 Ka7 52. Qc7+
Ka8 53. Kd6 f5 54. Kc6 f4 55. Qb7# 1-0

[Event "Sparkassen-Open J"]
[Site "Heusenstamm, Martinsee"]
[Date "2021.11.20"]
[Round "3.15"]
[White "Staat, Christian"]
[Black "Schwab, Florentin"]
[Result "1-0"]
[WhiteElo "1096"]
[BlackElo "947"]
[PlyCount "75"]
[EventDate "2021.??.??"]
[WhiteTeam "VSG Offenbach"]
[BlackTeam "SC Aschaffenburg"]

1. d4 d5 2. c4 e6 3. Nc3 Nf6 4. Nf3 Bd6 5. Bg5 Be7 6. e3 h6 7. Bh4 O-O 8. Bd3
b6 9. O-O Ba6 10. cxd5 exd5 11. Qe2 Bb7 12. Rac1 Bd6 13. e4 Re8 14. e5 g5 15.
Bg3 Ne4 16. Bxe4 dxe4 17. Nxe4 Ba6 18. Nf6+ Qxf6 19. Qxa6 Nxa6 20. exf6 Nb8 21.
Bxd6 cxd6 22. Rc7 Na6 23. Rd7 Red8 24. Re7 Re8 25. Rfe1 Rxe7 26. fxe7 Re8 27.
d5 Nb4 28. Nd4 Nxd5 29. Nf5 f6 30. Nxh6+ Kg7 31. Nf5+ Kf7 32. Nxd6+ Kg8 33.
Nxe8 Kf7 34. Nd6+ Kg6 35. e8=Q+ Kh6 36. Qf8+ Kg6 37. Qf7+ Kh6 38. Nf5# 1-0

[Event "Sparkassen-Open J"]
[Site "Heusenstamm, Martinsee"]
[Date "2021.11.20"]
[Round "3.16"]
[White "Glavev, Danail"]
[Black "Niesel, Sebastian"]
[Result "1-0"]
[WhiteElo "929"]
[BlackElo "1087"]
[PlyCount "87"]
[EventDate "2021.??.??"]
[WhiteTeam "SK Bad Homburg"]
[BlackTeam "SV Ffm-Griesheim"]

1. e4 e5 2. Nf3 Nc6 3. Nc3 Bc5 4. Bc4 Nf6 5. O-O O-O 6. d3 h6 7. Be3 Bb6 8. Ne2
d6 9. h3 Be6 10. Bb3 d5 11. Ng3 dxe4 12. Nxe4 Nxe4 13. dxe4 Qf6 14. Qe2 Rad8
15. Rad1 Nb4 16. c3 Nc6 17. Nd2 Qg6 18. Qf3 Na5 19. Qg3 Bxe3 20. Qxe3 Nc6 21.
Kh2 Rd6 22. Nc4 Bxc4 23. Bxc4 Rfd8 24. Bb3 b6 25. Bd5 Ne7 26. Bb3 Nc6 27. Qf3
R6d7 28. Qe3 Na5 29. Rxd7 Rxd7 30. f3 Nxb3 31. axb3 Qf6 32. g3 Qd8 33. Rf2 Rd3
34. Qe1 Qd7 35. Qf1 Re3 36. Qg2 Qe6 37. Rd2 Qxb3 38. Qf2 Rxc3 39. bxc3 Qxc3 40.
f4 exf4 41. Qxf4 Qb4 42. Rd8+ Kh7 43. Qf5+ g6 44. Qxf7# 1-0

[Event "Sparkassen-Open J"]
[Site "Heusenstamm, Martinsee"]
[Date "2021.11.20"]
[Round "3.18"]
[White "Neininger, Pascal"]
[Black "Biallas, Flynn"]
[Result "1-0"]
[WhiteElo "1036"]
[BlackElo "832"]
[PlyCount "71"]
[EventDate "2021.??.??"]
[WhiteTeam "SV Oberursel"]
[BlackTeam "SK Marburg"]

1. e4 e5 2. Nf3 Nc6 3. d4 exd4 4. Bc4 Be7 5. Nxd4 Nxd4 6. Qxd4 Nf6 7. e5 Ng8 8.
Qf4 d5 9. e6 Bxe6 10. Bb5+ c6 11. Bd3 Nf6 12. O-O Bd6 13. Qf3 Qc7 14. g3 O-O-O
15. Qe3 Bh3 16. Re1 Rde8 17. Qd2 Rxe1+ 18. Qxe1 Qe7 19. Qxe7 Bxe7 20. Be3 b6
21. a4 Kb7 22. a5 b5 23. a6+ Ka8 24. b3 Ng4 25. Bd4 Bf6 26. Bxf6 gxf6 27. c4
Re8 28. Nd2 bxc4 29. bxc4 h6 30. cxd5 cxd5 31. Nb3 Ne5 32. Bb5 Nf3+ 33. Kh1 Re5
34. Nc5 d4 35. Bc6+ Kb8 36. Nd7+ 1-0

[Event "Sparkassen-Open J"]
[Site "Heusenstamm, Martinsee"]
[Date "2021.11.20"]
[Round "3.19"]
[White "Galea, Luca"]
[Black "Steigerwald, Alexander"]
[Result "0-1"]
[WhiteElo "860"]
[BlackElo "1017"]
[PlyCount "64"]
[EventDate "2021.??.??"]
[WhiteTeam "VSG Offenbach"]
[BlackTeam "SC Aschaffenburg"]

1. e4 c5 2. Nf3 Nc6 3. Nc3 g6 4. Bc4 Bg7 5. Ng5 e6 6. Qf3 Nf6 7. e5 Nxe5 8. Qf4
Nxc4 9. Qxc4 b6 10. d3 O-O 11. Bf4 Re8 12. O-O Bb7 13. Be5 Qc8 14. Bxf6 Qc6 15.
Qg4 Bxf6 16. Nce4 Bxg5 17. Qxg5 Rf8 18. Rae1 f6 19. Qh6 f5 20. f3 fxe4 21. dxe4
Qb5 22. e5 Qxb2 23. Rf2 Qxa2 24. Rd1 Rad8 25. c4 Qxc4 26. f4 Qb3 27. Re2 Qxd1+
28. Kf2 Qd4+ 29. Ke1 Qxf4 30. Qh3 Qf1+ 31. Kd2 Qf4+ 32. Ke1 Qc1# 0-1

[Event "Sparkassen-Open J"]
[Site "Heusenstamm, Martinsee"]
[Date "2021.11.20"]
[Round "3.23"]
[White "von Knorre, Christoph"]
[Black "Kanno, Gabriel Felix"]
[Result "1-0"]
[WhiteElo "985"]
[BlackElo "852"]
[PlyCount "105"]
[EventDate "2021.??.??"]
[WhiteTeam "VSG Offenbach"]
[BlackTeam "SK Altenkirchen"]

1. e4 e5 2. Nf3 Nc6 3. Bc4 Bc5 4. c3 Nf6 5. d4 exd4 6. e5 Ng4 7. cxd4 Bb4+ 8.
Bd2 d6 9. exd6 cxd6 10. Nc3 Qe7+ 11. Qe2 Qxe2+ 12. Nxe2 Bxd2+ 13. Nxd2 Bf5 14.
O-O a6 15. Nf4 O-O 16. Nd5 Nxd4 17. Ne7+ Kh8 18. Nxf5 Nxf5 19. Rad1 b5 20. Bd5
Rac8 21. Rc1 Ne5 22. Bb7 Rb8 23. Bxa6 Nd3 24. Rc3 Nxb2 25. Rb3 Na4 26. Bxb5 Nc5
27. Rbb1 Nd4 28. Bc4 h6 29. h3 Rfe8 30. Rxb8 Rxb8 31. Bxf7 Rb2 32. Rd1 Ne2+ 33.
Kf1 Nd4 34. Ne4 Rb4 35. Nxd6 Na4 36. g3 Nf3 37. Rc1 Rb6 38. Bg6 Rb8 39. Rc7 Nd4
40. Rc4 Nf3 41. Rxa4 Kg8 42. Ra7 Nd4 43. Ne8 Kf8 44. Rxg7 Rxe8 45. Bxe8 Kxg7
46. Ba4 Nf5 47. a3 Nd6 48. Bd7 Nc4 49. a4 Nd6 50. a5 Nb7 51. a6 Nc5 52. a7 Nxd7
53. a8=Q 1-0

[Event "Sparkassen-Open J"]
[Site "Heusenstamm, Martinsee"]
[Date "2021.11.20"]
[Round "3.25"]
[White "Ivanov, Emily"]
[Black "Scheerer, Amelie"]
[Result "0-1"]
[WhiteElo "725"]
[BlackElo "1134"]
[PlyCount "70"]
[EventDate "2021.??.??"]
[WhiteTeam "TuS Makkabi Wiesbaden"]
[BlackTeam "SV Ffm-Griesheim"]

1. e4 e5 2. Bc4 Nf6 3. Nc3 Bc5 4. Nf3 Nc6 5. d3 h6 6. O-O O-O 7. a3 d6 8. h3
Be6 9. b4 Bb6 10. a4 Nxb4 11. Rb1 Nc6 12. Bxe6 fxe6 13. Ba3 Nd4 14. Nxd4 Bxd4
15. Nb5 Bb6 16. c3 a6 17. Qb3 axb5 18. Qxe6+ Rf7 19. Ra1 bxa4 20. Rfd1 Qe7 21.
Qc4 Nh5 22. d4 exd4 23. cxd4 Qxe4 24. Re1 Qxd4 25. Qxd4 Bxd4 26. Re2 Bxa1 27.
g4 Nf4 28. Re3 Bd4 29. Rf3 Raf8 30. Kh2 Ne2 31. Bxd6 cxd6 32. g5 Rxf3 33. gxh6
Rxf2+ 34. Kh1 Rf1+ 35. Kh2 R8f2# 0-1

[Event "Sparkassen-Open J"]
[Site "Heusenstamm, Martinsee"]
[Date "2021.11.20"]
[Round "3.27"]
[White "Shanmuganathan, Adhav"]
[Black "Ninnemann, Patrick"]
[Result "1-0"]
[WhiteElo "793"]
[BlackElo "879"]
[PlyCount "69"]
[EventDate "2021.??.??"]
[WhiteTeam "SV Ffm-Griesheim"]
[BlackTeam "SC Bad Soden"]

1. e4 e5 2. Nf3 Nc6 3. Nc3 Bc5 4. Nxe5 Nxe5 5. d4 Bxd4 6. Qxd4 d6 7. f4 c5 8.
Qf2 Ng4 9. Qg3 N8f6 10. h3 Nh6 11. Qxg7 Rg8 12. Qxh6 a6 13. e5 dxe5 14. fxe5
Nd5 15. Bg5 Rxg5 16. O-O-O Rxe5 17. Qg7 Qd6 18. Bc4 Be6 19. Qh8+ Qf8 20. Qxe5
Qh6+ 21. Kb1 Ne3 22. Rde1 Nxc4 23. Qh8+ Qf8 24. Qxf8+ Kxf8 25. b3 Nd2+ 26. Kc1
Rd8 27. Rd1 Nxb3+ 28. axb3 Rc8 29. Rd2 c4 30. b4 b5 31. Rhd1 Rc6 32. Rd6 Rc7
33. Rxa6 Bc8 34. Ra8 Kg7 35. Nd5 1-0

[Event "Sparkassen-Open J"]
[Site "Heusenstamm, Martinsee"]
[Date "2021.11.20"]
[Round "4.1"]
[White "Sydykov, Bayastan"]
[Black "Nagel, Daniel"]
[Result "1-0"]
[WhiteElo "1544"]
[BlackElo "1329"]
[PlyCount "88"]
[EventDate "2021.??.??"]
[WhiteTeam "SK Gießen"]
[BlackTeam "SC Aschaffenburg"]

1. e4 g6 2. d4 Bg7 3. Nf3 d6 4. Bc4 e6 5. Nc3 Nd7 6. O-O Ne7 7. Ne2 O-O 8. c3
a6 9. Nf4 b5 10. Bb3 c5 11. Bxe6 fxe6 12. Nxe6 Qb6 13. Nxf8 Nxf8 14. d5 Kh8 15.
Ng5 h6 16. Nf7+ Kh7 17. Bf4 Ng8 18. Nxd6 Nd7 19. Qg4 Ngf6 20. Qe6 Nf8 21. Qf7
Bg4 22. Qb7 Qxb7 23. Nxb7 Nh5 24. Be3 c4 25. f3 Bd7 26. Rad1 Re8 27. g4 Nf6 28.
b3 Nxg4 29. fxg4 Bxg4 30. Nd6 Rd8 31. Bf4 Bxd1 32. Rxd1 g5 33. Bg3 Ng6 34. bxc4
bxc4 35. Nxc4 Bxc3 36. Bc7 Rd7 37. d6 Ne5 38. Nxe5 Bxe5 39. Rd5 Bf4 40. e5 g4
41. e6 Rg7 42. e7 Bxh2+ 43. Kxh2 g3+ 44. Kg2 h5 1-0

[Event "Sparkassen-Open J"]
[Site "Heusenstamm, Martinsee"]
[Date "2021.11.20"]
[Round "4.2"]
[White "Meng, Yuxuan"]
[Black "Dubinker, Philipp"]
[Result "0-1"]
[WhiteElo "1419"]
[BlackElo "1572"]
[PlyCount "138"]
[EventDate "2021.??.??"]
[WhiteTeam "SC Viernheim"]
[BlackTeam "SK Marburg"]

1. e4 c6 2. d4 d5 3. Nc3 dxe4 4. Nxe4 Nd7 5. Qe2 Ndf6 6. Nf3 Nxe4 7. Qxe4 Nf6
8. Qd3 g6 9. Be2 Bf5 10. Qb3 Qc8 11. Bg5 Bg7 12. Ne5 Be6 13. Bc4 Bxc4 14. Qxc4
O-O 15. Qe2 Qf5 16. Nf3 h6 17. Bh4 Rfe8 18. O-O g5 19. Bg3 Ne4 20. Rae1 Nxg3
21. fxg3 Qg6 22. c3 Rac8 23. Ne5 Bxe5 24. Qxe5 Qg7 25. Qc5 b6 26. Qf5 e6 27.
Qc2 c5 28. dxc5 Rxc5 29. Qa4 Re7 30. Rd1 Rcc7 31. Rd8+ Kh7 32. Qc2+ Qg6 33.
Qxg6+ Kxg6 34. g4 Rcd7 35. Rd1 Rxd1+ 36. Rxd1 Rc7 37. Rd4 Kf6 38. Kf2 Ke7 39.
Ke3 Rd7 40. Rxd7+ Kxd7 41. Ke4 Kd6 42. g3 Kc5 43. b3 f6 44. a3 b5 45. h4 a5 46.
h5 a4 47. bxa4 bxa4 48. Kd3 Kd5 49. c4+ Kc5 50. Kc3 f5 51. Kd3 fxg4 52. Kc3 e5
53. Kd3 e4+ 54. Kxe4 Kxc4 55. Ke3 Kc3 56. Ke4 Kc4 57. Kf5 Kb3 58. Kg6 Kxa3 59.
Kxh6 Kb4 60. Kg7 a3 61. h6 a2 62. h7 a1=Q+ 63. Kg8 Qa8+ 64. Kg7 Qb7+ 65. Kg8
Qb8+ 66. Kg7 Qxg3 67. h8=Q Qc3+ 68. Kg8 Qxh8+ 69. Kxh8 g3 0-1

[Event "Sparkassen-Open J"]
[Site "Heusenstamm, Martinsee"]
[Date "2021.11.20"]
[Round "4.3"]
[White "Himmelspacht, Maxim"]
[Black "Mohammadzadeh, Daris"]
[Result "0-1"]
[WhiteElo "1538"]
[BlackElo "1335"]
[PlyCount "138"]
[EventDate "2021.??.??"]
[WhiteTeam "SK Gießen"]
[BlackTeam "Vorw.Orient Mainz"]

1. e4 c5 2. Nf3 g6 3. c3 Bg7 4. d4 cxd4 5. cxd4 d5 6. e5 Nc6 7. Nc3 Bg4 8. Be2
e6 9. h3 Bxf3 10. Bxf3 Nge7 11. b3 Nf5 12. Ne2 O-O 13. O-O Nh4 14. Qd3 Rc8 15.
Ba3 Re8 16. g3 Nxf3+ 17. Qxf3 f6 18. exf6 Qxf6 19. Qxf6 Bxf6 20. Bb2 e5 21.
dxe5 Nxe5 22. Bxe5 Rxe5 23. Nf4 d4 24. Rac1 Rc3 25. Rfe1 d3 26. Nxd3 Rxe1+ 27.
Rxe1 Rxd3 28. Re6 Kf7 29. Re4 Rd4 30. Re2 Rd1+ 31. Kg2 Rb1 32. Rc2 Be5 33. Re2
Kf6 34. Rd2 Rb2 35. Rd7 Rxa2 36. Rxb7 h5 37. g4 hxg4 38. hxg4 Bd4 39. Rd7 Bb6
40. Rd6+ Kf7 41. g5 Rxf2+ 42. Kh3 Rf3+ 43. Kg4 Rxb3 44. Rd7+ Ke6 45. Rg7 Rb4+
46. Kf3 Kf5 47. Rd7 Rb3+ 48. Ke2 Kxg5 49. Rd5+ Kf4 50. Rd1 Rb2+ 51. Kd3 Rf2 52.
Rc1 g5 53. Rc8 g4 54. Rf8+ Kg3 55. Rh8 Rh2 56. Rf8 Kg2 57. Rg8 g3 58. Ke2 Bf2
59. Rf8 Kh1 60. Rg8 g2 61. Kxf2 g1=Q+ 62. Kf3 Qf2+ 63. Ke4 Rh4+ 64. Kd5 Qf5+
65. Kd6 Rh6+ 66. Ke7 Qe6+ 67. Kf8 Rf6+ 68. Kg7 Qf7+ 69. Kh8 Rh6# 0-1

[Event "Sparkassen-Open J"]
[Site "Heusenstamm, Martinsee"]
[Date "2021.11.20"]
[Round "4.4"]
[White "Sreeramulu, Aarush"]
[Black "Snover, Tom"]
[Result "1/2-1/2"]
[WhiteElo "1227"]
[BlackElo "1491"]
[PlyCount "46"]
[EventDate "2021.??.??"]
[WhiteTeam "SK Marburg"]
[BlackTeam "SC Aschaffenburg"]

1. d4 d5 2. c4 c6 3. Nc3 Nf6 4. Bf4 e6 5. e3 Nbd7 6. Nf3 Be7 7. Be2 dxc4 8.
Bxc4 b5 9. Bb3 Bb7 10. O-O a6 11. a3 Nb6 12. Rc1 O-O 13. Ne5 Rc8 14. h3 c5 15.
dxc5 Rxc5 16. Ne2 Nfd5 17. Bg3 Rxc1 18. Qxc1 Qc8 19. Nd4 Bf6 20. Nef3 Qxc1 21.
Rxc1 Rc8 22. Rxc8+ Bxc8 23. Be5 Bxe5 1/2-1/2

[Event "Sparkassen-Open J"]
[Site "Heusenstamm, Martinsee"]
[Date "2021.11.20"]
[Round "4.5"]
[White "Schwab, Lysander"]
[Black "Vick, Edward"]
[Result "1-0"]
[WhiteElo "1282"]
[BlackElo "1242"]
[PlyCount "95"]
[EventDate "2021.??.??"]
[WhiteTeam "SC Aschaffenburg"]
[BlackTeam "TuS Makkabi Wiesbaden"]

1. c4 e5 2. Nc3 Nf6 3. g3 d5 4. cxd5 Nxd5 5. Bg2 Nxc3 6. bxc3 Bc5 7. Qa4+ c6 8.
Nf3 f6 9. O-O O-O 10. e4 Be6 11. d4 Bd6 12. Rd1 Qb6 13. d5 cxd5 14. exd5 Bg4
15. Be3 Qb2 16. Qxg4 f5 17. Qc4 f4 18. Bd2 fxg3 19. hxg3 Qc2 20. Rac1 Qf5 21.
Re1 Nd7 22. Be3 Qh5 23. Nd2 Rf7 24. Ne4 Qg6 25. Nxd6 Qxd6 26. Rb1 Nb6 27. Bxb6
axb6 28. Rb2 Raf8 29. Rf1 Qc5 30. Qxc5 bxc5 31. c4 h6 32. Re2 Ra8 33. Rb2 Rd8
34. Rb5 Rc7 35. Rd1 Rcd7 36. Rxc5 Ra8 37. Rd2 Ra6 38. Bh3 Rdd6 39. Be6+ Kf8 40.
Rc8+ Ke7 41. Rc7+ Kf6 42. Rxb7 Ra5 43. Rb5 Rxb5 44. cxb5 Ke7 45. Rc2 Rb6 46. a4
g6 47. Rc6 Rb7 48. Bg4 1-0

[Event "Sparkassen-Open J"]
[Site "Heusenstamm, Martinsee"]
[Date "2021.11.20"]
[Round "4.6"]
[White "Sensoy, Emir"]
[Black "Staat, Christian"]
[Result "1-0"]
[WhiteElo "1367"]
[BlackElo "1096"]
[PlyCount "95"]
[EventDate "2021.??.??"]
[WhiteTeam "MSA Zugzwang"]
[BlackTeam "VSG Offenbach"]

1. c4 e5 2. Nc3 Nf6 3. Nf3 Nc6 4. g3 d5 5. b3 g6 6. Bg2 Be6 7. cxd5 Nxd5 8. Bb2
Bg7 9. O-O O-O 10. e3 e4 11. Ne1 f5 12. f3 Nxc3 13. Bxc3 Bd5 14. Qc2 Qe7 15.
Rd1 Rad8 16. Qb2 Rf7 17. Nc2 b6 18. d3 exd3 19. Rxd3 Nb4 20. Nxb4 Qxb4 21. Bxb4
Bxb2 22. e4 fxe4 23. fxe4 Rxf1+ 24. Kxf1 c5 25. Be1 Rf8+ 26. Rf3 Bb7 27. Rxf8+
Kxf8 28. Ke2 Ke7 29. Kd3 Ke6 30. Bc3 Bxc3 31. Kxc3 Ke5 32. Kc4 Ba6+ 33. Kc3 Bb7
34. a4 Bxe4 35. Bxe4 Kxe4 36. Kc4 Kf3 37. Kb5 Kg2 38. Ka6 Kxh2 39. Kxa7 Kxg3
40. Kxb6 h5 41. a5 h4 42. a6 h3 43. a7 g5 44. a8=Q g4 45. Qh1 Kh4 46. Kxc5 g3
47. Qe4+ Kg5 48. Qf3 1-0

[Event "Sparkassen-Open J"]
[Site "Heusenstamm, Martinsee"]
[Date "2021.11.20"]
[Round "4.7"]
[White "Zargaran, Sepas"]
[Black "Yang, Marco"]
[Result "1/2-1/2"]
[WhiteElo "1038"]
[BlackElo "1236"]
[PlyCount "84"]
[EventDate "2021.??.??"]
[WhiteTeam "VSG Offenbach"]
[BlackTeam "SK Mannheim-Lindenhof"]

1. e4 c5 2. c3 Nf6 3. e5 Nd5 4. d4 e6 5. c4 Nc7 6. d5 exd5 7. cxd5 b6 8. g3 Bb7
9. Bg2 g6 10. Ne2 Qc8 11. Bg5 Bg7 12. f4 O-O 13. Qd2 Ne8 14. Be7 f6 15. Bxf8
Kxf8 16. O-O Kg8 17. Qd3 Ba6 18. Qd2 fxe5 19. Rf2 exf4 20. d6 Nc6 21. Rxf4 Bh6
22. Bd5+ Kh8 23. Qc3+ Ng7 24. Rf2 Qe8 25. Nf4 Bxf4 26. Rxf4 Nd4 27. Bc4 Bxc4
28. Rxd4 cxd4 29. Qxc4 Qe1+ 30. Qf1 Qxf1+ 31. Kxf1 Ne6 32. Nd2 Rc8 33. Re1 Rc2
34. Rxe6 Rxd2 35. Re8+ Kg7 36. Re7+ Kf6 37. Rxd7 Ke6 38. Rxh7 Kxd6 39. Rxa7
Rxh2 40. Rg7 Rh6 41. Ke2 Ke5 42. Kd3 Rh2 1/2-1/2

[Event "Sparkassen-Open J"]
[Site "Heusenstamm, Martinsee"]
[Date "2021.11.20"]
[Round "4.8"]
[White "Neininger, Pascal"]
[Black "Vinogradov, Ilia"]
[Result "0-1"]
[WhiteElo "1036"]
[BlackElo "1177"]
[PlyCount "76"]
[EventDate "2021.??.??"]
[WhiteTeam "SV Oberursel"]
[BlackTeam "SV Walldorf"]

1. e4 e5 2. Nf3 Nc6 3. d4 exd4 4. Bc4 Bc5 5. c3 Nf6 6. cxd4 Bb4+ 7. Nc3 Nxe4 8.
O-O Bxc3 9. bxc3 d5 10. Re1 O-O 11. Bb5 Nxc3 12. Qb3 Nxb5 13. Qxb5 a6 14. Qb2
b6 15. Bg5 f6 16. Bh4 Bg4 17. Qc3 Ne7 18. h3 Bh5 19. Qd2 Bxf3 20. gxf3 Nf5 21.
Qf4 Nxh4 22. Qxh4 Re8 23. Kh1 Qd7 24. Rg1 Qf5 25. Qg4 Qxg4 26. Rxg4 c5 27. Rag1
g6 28. dxc5 bxc5 29. Rd1 d4 30. Rc1 Rac8 31. Kg1 d3 32. Kf1 d2 33. Rd1 Red8 34.
Rc4 Rd5 35. Ke2 Re8+ 36. Kf1 h5 37. Kg2 Rb8 38. Kf1 Rb4 0-1

[Event "Sparkassen-Open J"]
[Site "Heusenstamm, Martinsee"]
[Date "2021.11.20"]
[Round "4.9"]
[White "Dietrich, Fabian"]
[Black "Sasikumar Anitha, Sarvesh"]
[Result "0-1"]
[WhiteElo "1248"]
[BlackElo "995"]
[PlyCount "20"]
[EventDate "2021.??.??"]
[WhiteTeam "SK Marburg"]
[BlackTeam "TuS Makkabi"]

1. e4 e5 2. Nf3 Nc6 3. d4 exd4 4. Bc4 h6 5. c3 Nf6 6. Qb3 Qe7 7. Na3 a6 8. Nc2
Qxe4+ 9. Be2 d3 10. Nd2 Qxe2# 0-1

[Event "Sparkassen-Open J"]
[Site "Heusenstamm, Martinsee"]
[Date "2021.11.20"]
[Round "4.10"]
[White "Steigerwald, Alexander"]
[Black "Valean, David-Andrei"]
[Result "0-1"]
[WhiteElo "1017"]
[BlackElo "1237"]
[PlyCount "118"]
[EventDate "2021.??.??"]
[WhiteTeam "SC Aschaffenburg"]
[BlackTeam "SK Schweinfurt"]

1. e4 e5 2. Nf3 Nc6 3. Bc4 Bc5 4. c3 Nf6 5. d3 h6 6. O-O d6 7. h3 Be6 8. d4
Bxc4 9. dxc5 Bxf1 10. Qxf1 dxc5 11. Be3 Nxe4 12. Qe1 O-O 13. Nbd2 Nxd2 14. Nxd2
b6 15. Rd1 Qf6 16. Ne4 Qg6 17. Ng3 f5 18. f4 Rad8 19. Rxd8 Rxd8 20. fxe5 Nxe5
21. Bf4 Nd3 22. Qd2 c6 23. Bc7 Rd7 24. Bb8 Rd8 25. Bc7 Rd7 26. Bb8 c4 27. Ne2
Qg5 28. Bf4 Nxf4 29. Qxf4 Qxf4 30. Nxf4 Rd2 31. Ng6 Rxb2 32. Ne7+ Kf7 33. Nxc6
Rxa2 34. Ne5+ Ke6 35. Nxc4 Rc2 36. Kf1 Rxc3 37. Nd2 a5 38. Ke2 Rc2 39. Kd3
Rxd2+ 40. Kxd2 b5 41. Kc3 a4 42. Kb4 Ke5 43. Ka3 Kf4 44. Kb4 Kg3 45. Ka3 Kxg2
46. Kb4 f4 47. Ka3 f3 48. Kb4 f2 49. Ka3 f1=Q 50. Kb4 Qc4+ 51. Ka5 a3 52. Kb6
a2 53. Kb7 a1=R 54. Kb6 Qe6+ 55. Kc5 Rc1+ 56. Kb4 Qd6+ 57. Kxb5 Qc6+ 58. Kb4
Rb1+ 59. Ka3 Qa6# 0-1

[Event "Sparkassen-Open J"]
[Site "Heusenstamm, Martinsee"]
[Date "2021.11.20"]
[Round "4.11"]
[White "Dyroff, Philipp"]
[Black "Will, Elina"]
[Result "0-1"]
[WhiteElo "993"]
[BlackElo "1224"]
[PlyCount "96"]
[EventDate "2021.??.??"]
[WhiteTeam "SC Aschaffenburg"]
[BlackTeam "TuS Makkabi Wiesbaden"]

1. c4 e5 2. Nc3 Nf6 3. g3 d5 4. cxd5 Nxd5 5. Bg2 Be6 6. Nf3 Nc6 7. O-O Bd6 8.
e4 Ndb4 9. d4 exd4 10. Nxd4 Nxd4 11. Qxd4 O-O 12. Qd1 Bc4 13. Re1 Nd3 14. Re3
Bc5 15. Rf3 Nxc1 16. Qxd8 Rfxd8 17. Rxc1 Bd4 18. b3 Ba6 19. Rd1 Bxc3 20. Rxd8+
Rxd8 21. Rxc3 Rd1+ 22. Bf1 Bxf1 23. h4 Bd3+ 24. Kh2 Bxe4 25. g4 Bc6 26. Re3 Kf8
27. Kg3 Rd2 28. a4 b5 29. axb5 Bxb5 30. Rc3 Rd3+ 31. Rxd3 Bxd3 32. Kf4 a5 33.
Ke5 Bc2 34. Kd4 Bxb3 35. Kc3 a4 36. f4 c5 37. Kb2 c4 38. Kc3 a3 39. g5 a2 40.
Kb2 c3+ 41. Kxb3 a1=Q 42. g6 Qb2+ 43. Kc4 c2 44. gxh7 c1=Q+ 45. Kd3 Qbd2+ 46.
Ke4 Qce1+ 47. Kf5 Qe6+ 48. Kg5 Qg6# 0-1

[Event "Sparkassen-Open J"]
[Site "Heusenstamm, Martinsee"]
[Date "2021.11.20"]
[Round "4.12"]
[White "Dorfner, Jeremias"]
[Black "Plaumann, Finja"]
[Result "1-0"]
[WhiteElo "1198"]
[BlackElo "978"]
[PlyCount "101"]
[EventDate "2021.??.??"]
[WhiteTeam "TV-Großostheim"]
[BlackTeam "SF Heidesheim"]

1. e4 e6 2. d4 d5 3. Bd3 c5 4. Nf3 Nc6 5. c3 Nf6 6. e5 Nd7 7. Be3 c4 8. Bc2 Be7
9. O-O O-O 10. Nbd2 b5 11. Qb1 b4 12. Bxh7+ Kh8 13. Bc2 Ba6 14. Re1 Rb8 15. Qc1
Na5 16. h3 Re8 17. Nh2 Nf8 18. f4 Bh4 19. Rd1 Bg3 20. Nhf1 Qh4 21. Nf3 Qe7 22.
Nxg3 bxc3 23. bxc3 Qb7 24. Rb1 Qc7 25. f5 Rxb1 26. Qxb1 f6 27. Nh5 Qf7 28. g4
Nc6 29. Ba4 Rb8 30. Qc2 Ne7 31. exf6 gxf6 32. Ng3 Bb5 33. Bxb5 Rxb5 34. Bf4 Nd7
35. Re1 Rb6 36. Rb1 Rxb1+ 37. Qxb1 Nc6 38. Qb7 e5 39. dxe5 fxe5 40. Nxe5 Ncxe5
41. Bxe5+ Nxe5 42. Qb8+ Qg8 43. Qxe5+ Kh7 44. Qe7+ Kh8 45. Qh4+ Qh7 46. Qxh7+
Kxh7 47. Ne2 Kh6 48. Nd4 Kg5 49. Kg2 a5 50. a4 Kh4 51. f6 1-0

[Event "Sparkassen-Open J"]
[Site "Heusenstamm, Martinsee"]
[Date "2021.11.20"]
[Round "4.13"]
[White "Carls, Bela"]
[Black "Inan, Emir"]
[Result "0-1"]
[WhiteElo "955"]
[BlackElo "1176"]
[PlyCount "68"]
[EventDate "2021.??.??"]
[WhiteTeam "Frankfurter TV"]
[BlackTeam "SV Neu-Isenburg"]

1. e4 e5 2. Nf3 Nc6 3. d4 exd4 4. Nxd4 Nxd4 5. Qxd4 c5 6. Qe5+ Qe7 7. Qf4 Nf6
8. Nc3 d5 9. Bb5+ Bd7 10. Bxd7+ Kxd7 11. e5 Re8 12. O-O Qxe5 13. Qxe5 Rxe5 14.
Bf4 Rf5 15. Bg3 d4 16. Rad1 Bd6 17. Bxd6 Kxd6 18. Nb5+ Kc6 19. a4 a6 20. Na3 b5
21. c3 Rd8 22. axb5+ axb5 23. c4 b4 24. Nb5 d3 25. Rfe1 Rf4 26. b3 d2 27. Re2
Ne4 28. f3 Nc3 29. Nxc3 bxc3 30. Kf2 c2 31. Rdxd2 Rxd2 32. Rxd2 c1=Q 33. Re2
Rd4 34. Re1 Qb2+ 0-1

[Event "Sparkassen-Open J"]
[Site "Heusenstamm, Martinsee"]
[Date "2021.11.20"]
[Round "4.15"]
[White "Gossen, Michael"]
[Black "Glavev, Danail"]
[Result "1-0"]
[WhiteElo "1061"]
[BlackElo "929"]
[PlyCount "63"]
[EventDate "2021.??.??"]
[WhiteTeam "TuS Makkabi Wiesbaden"]
[BlackTeam "SK Bad Homburg"]

1. e4 e5 2. Nf3 Nc6 3. d4 exd4 4. Bc4 Bc5 5. c3 d3 6. Qxd3 d6 7. Ng5 Ne5 8. Qe2
Nxc4 9. Qxc4 Qf6 10. O-O Be6 11. Qb5+ Bd7 12. Qxb7 Rc8 13. a4 a5 14. Na3 Qd8
15. Qd5 Nh6 16. Nf3 Bxa4 17. Nc4 Qd7 18. Bxh6 gxh6 19. Nxa5 Bb6 20. Nc4 Bc6 21.
Qh5 Qe6 22. e5 Qxc4 23. exd6 cxd6 24. Rfe1+ Kd7 25. Rad1 Qf4 26. Qh3+ Kc7 27.
Re7+ Kb8 28. Nd4 Bxd4 29. cxd4 Rhg8 30. Qb3+ Ka8 31. Ra1+ Ba4 32. Rxa4# 1-0

[Event "Sparkassen-Open J"]
[Site "Heusenstamm, Martinsee"]
[Date "2021.11.20"]
[Round "4.17"]
[White "Milman, Sophie"]
[Black "von Knorre, Christoph"]
[Result "1-0"]
[WhiteElo "1202"]
[BlackElo "985"]
[PlyCount "41"]
[EventDate "2021.??.??"]
[WhiteTeam "SC Heusenstamm"]
[BlackTeam "VSG Offenbach"]

1. e4 e5 2. Nf3 Nc6 3. d4 exd4 4. Nxd4 Bc5 5. Be3 Bb6 6. Bc4 Nf6 7. Nxc6 bxc6
8. Bxb6 axb6 9. Nc3 Bb7 10. O-O d5 11. exd5 cxd5 12. Bb5+ c6 13. Re1+ Ne4 14.
Bd3 O-O 15. Nxe4 dxe4 16. Rxe4 Qg5 17. Rg4 Qd5 18. c4 Qd7 19. Bxh7+ Kxh7 20.
Qxd7 Bc8 21. Rh4+ 1-0